Statistics for People with B initials #2

Click here to take the quiz!

General Stats

  • This quiz has been taken 43 times
  • The average score is 11 of 23

Answer Stats

Initials Clue Person % Correct
BS"Born in the USA ! "Bruce Springsteen
94%
BAMatt Damon's best friendBen Affleck
91%
BM"No woman no cry"Bob Marley
84%
BKHe won the Oscar of the Best Actor for "Gandhi"Ben Kingsley
81%
BCHe is Sherlock, Doctor Strange or SmaugBenedict Cumberbatch
78%
BT"Total eclipse of the heart"Bonnie Tyler
72%
BYA Mormon pioneerBrigham Young
72%
BR"The Longest Yard"; "Smokey and the Bandit"Burt Reynolds
69%
BFActor of "Bedazzled" or "The Mummy"Brendan Fraser
66%
BJFormer London MayorBoris Johnson
63%
BBTennis player whose nickname is "Boom Boom"Boris Becker
63%
BL"Gossip Girl" star and Ryan Reynolds' wifeBlake Lively
53%
BGBritish adventurer and wilderness survivorBear Grylls
44%
BDBritish statesman and rival of William GladstoneBenjamin Disraeli
41%
BEShe starred in "I dream of Jeannie"Barbara Eden
34%
BNHe starred in "The Boat that Rocked" or "Pirates of the Caribbean"Bill Nighy
28%
BOIrish rugby superstar, nickname is B.O.DBrian O'Driscoll
25%
BHShe starred in "Twilight" and "Jurassic World"Bryce Dallas Howard
19%
BIGerman goalkeeper in the 90'sBodo Illgner
13%
BPHungarian model and Sports Illustrated rookie in 2016Barbara Palvin
9%
BWLeader of the African-American community of the early 20th centuryBooker T. Washington
9%
BUSinger of Panic! at the DiscoBrendon Urie
6%
BV"Froth on the Daydream" writerBoris Vian
6%

Score Distribution

Percentile by Number Answered

Percent of People with Each Score

Your Score History

You have not taken this quiz